Historical Figures in Cinema by Pictures #1 - Statistics

General Stats
  • This quiz has been taken 457 times
    455 since last reset
  • The average score is 12 of 16
Answer Stats
Picture Hint Answer % Correct
Ben Kingsley Mahatma Gandhi
99%
Austin Butler Elvis Presley
96%
Willem Dafoe Jesus Christ
96%
Joaquin Phoenix Napoleon Bonaparte
95%
Daniel Day-Lewis Abraham Lincoln
93%
Bruno Ganz Adolf Hitler
93%
Elizabeth Taylor Cleopatra
92%
Ryan Gosling Neil Armstrong
87%
Tom Hulce Wolfgang Amadeus Mozart
73%
Peter O'Toole T.E. Lawrence
71%
Marion Cotillard Edith Piaf
57%
Val Kilmer Jim Morrison
54%
Colin Firth George VI
51%
Romy Schneider Elisabeth "Sissi" of Austria
43%
Audrey Tautou Coco Chanel
29%
Bradley Cooper Leonard Bernstein
23%
No matching quizzes found
Score Distribution
Percent of People with Each Score
Percentile by Number Answered
Your Score History
You have not taken this quiz since the last reset